MARC details
| 000 -CABECERA |
| campo de control de longitud fija |
01067nam a2200265 a 4500 |
| 001 - NÚMERO DE CONTROL |
| campo de control |
000004031 |
| 005 - FECHA Y HORA DE LA ÚLTIMA TRANSACCIÓN |
| campo de control |
20240409073638.0 |
| 008 - DATOS DE LONGITUD FIJA--INFORMACIÓN GENERAL |
| campo de control de longitud fija |
090716s2008 dr a 000 0bspa d |
| 040 ## - FUENTE DE LA CATALOGACIÓN |
| Centro catalogador/agencia de origen |
DO-SdBNP |
| Lengua de catalogación |
spa |
| Centro/agencia transcriptor |
BNPHU |
| 082 ## - NÚMERO DE LA CLASIFICACIÓN DECIMAL DEWEY |
| Número de clasificación |
282.7293 |
| Número de documento/Ítem |
C531i |
| 100 1# - ENTRADA PRINCIPAL--NOMBRE DE PERSONA |
| Nombre de persona |
Chez Checo, José, |
| Fechas asociadas al nombre |
1949- |
| 9 (RLIN) |
10145 |
| 245 13 - MENCIÓN DE TÍTULO |
| Título |
La Iglesia Católica y el final de la dictadura de Trujillo : |
| Resto del título |
entrevista a Monseñor Roque Adames / |
| Mención de responsabilidad, etc. |
José Chez Checo. |
| 246 1# - FORMA VARIANTE DE TÍTULO |
| Título propio/Titulo breve |
Entrevista a monseñor Roque Adames / |
| 260 ## - PUBLICACIÓN, DISTRIBUCIÓN, ETC. |
| Lugar de publicación, distribución, etc. |
Santo Domingo : |
| Nombre del editor, distribuidor, etc. |
Búho, |
| Fecha de publicación, distribución, etc. |
2008. |
| 300 ## - DESCRIPCIÓN FÍSICA |
| Extensión |
78 p. : |
| Otras características físicas |
il., retr. ; |
| Dimensiones |
19 cm. |
| 490 1# - MENCIÓN DE SERIE |
| Mención de serie |
Historia total |
| Designación de volumen o secuencia |
12 |
| 590 ## - NOTA LOCAL (RLIN) |
| Nota local |
Inventariado, 2018/ YL |
| 500 ## - NOTA GENERAL |
| Nota general |
Incluye datos biografícos del autor. |
| 600 14 - PUNTO DE ACCESO ADICIONAL DE MATERIA--NOMBRE DE PERSONA |
| Nombre de persona |
ADAMES RODRÍGUEZ, ROQUE ANTONIO, |
| Títulos y otros términos asociados al nombre |
MONS. |
| Fechas asociadas al nombre |
1928-2009 |
| Subdivisión general |
ENTREVISTAS |
| 9 (RLIN) |
12042 |
| 650 #4 - PUNTO DE ACCESO ADICIONAL DE MATERIA--TÉRMINO DE MATERIA |
| Término de materia o nombre geográfico como elemento de entrada |
Iglesia católica |
| Subdivisión geográfica |
República Dominicana |
| Subdivisión general |
Historia |
| Subdivisión cronológica |
SIGLO XX |
| 9 (RLIN) |
12043 |
| 650 #4 - PUNTO DE ACCESO ADICIONAL DE MATERIA--TÉRMINO DE MATERIA |
| Término de materia o nombre geográfico como elemento de entrada |
Iglesia y estado en república dominicana |
| Subdivisión general |
Siglo xx |
| 9 (RLIN) |
12044 |
| 650 #4 - PUNTO DE ACCESO ADICIONAL DE MATERIA--TÉRMINO DE MATERIA |
| Término de materia o nombre geográfico como elemento de entrada |
Clero |
| Subdivisión general |
Entrevistas |
| 9 (RLIN) |
12045 |
| 830 #0 - PUNTO DE ACCESO ADICIONAL DE SERIE-TÍTULO UNIFORME |
| Título uniforme |
Historia total |
| Número de parte o sección de la obra |
12 |
| 9 (RLIN) |
12046 |
| 910 ## - DATOS DE OPCIÓN DEL USUARIO (OCLC) |
| Datos de opción del usuario |
Validado. Control de calidad EMS. |